000 00398nam a22001697a 4500
005 20170401124618.0
008 170401b xxu||||| |||| 00| 0 eng d
020 _a978--93-5260-188-2
041 _aeng
100 _aKHAN,B H
_93748
245 _aNON CONVENTIONAL ENERGY RESOURCES
250 _a3rd
260 _bMCGRAW HILL
_c2017
300 _a600
650 _aENGINEERING
_93749
942 _cBK
999 _c5367
_d5365